GENETIC HEARING LOSS (Record no. 31302)

MARC details
000 -LEADER
fixed length control field 00381nam a22001697a 4500
003 - CONTROL NUMBER IDENTIFIER
control field SGT
020 ## - INTERNATIONAL STANDARD BOOK NUMBER
International Standard Book Number 9780367394929
082 ## - DEWEY DECIMAL CLASSIFICATION NUMBER
Classification number 617.8
Item number G19W
100 ## - MAIN ENTRY--PERSONAL NAME
Personal name WILLWMS, PATRICK A.
245 ## - TITLE STATEMENT
Title GENETIC HEARING LOSS
250 ## - EDITION STATEMENT
Edition statement 1ST
260 ## - PUBLICATION, DISTRIBUTION, ETC. (IMPRINT)
Place of publication, distribution, etc BOCA RATON
Name of publisher, distributor, etc CRC PRESS PUB
Year of Publication 2019
300 ## - PAGE DESCRIPTION
No. of Pages 483
650 ## - SUBJECT ADDED ENTRY--TOPICAL TERM
Topical term or geographic name as entry element AUDIOLOGY
653 ## - KEYWORDS--INDEX TERM
Keyword term GENETIC HEARING LOSS
942 ## - ADDED ENTRY ELEMENTS (KOHA)
Source of classification or shelving scheme Dewey Decimal Classification
Koha item type Books
Holdings
Withdrawn status Lost status Source of classification or shelving scheme Damaged status Not for loan Collection code Home library Current library Shelving location Date acquired Vendor Name Cost, normal purchase price SGTU Bill Number Total Checkouts Full call number Accession No. (Barcode) Date last seen Bill Date Koha item type
    Dewey Decimal Classification   Not For Loan MEDICAL SGT Medical Library SGT Medical Library Reference Book 14/05/2025 ABC DELHI 7000.00 SGTU 21144   617.8 G19W FM15440 09/06/2025 15/05/2025 Books
    Dewey Decimal Classification   Not For Loan MEDICAL SGT Medical Library SGT Medical Library Reference Book 14/05/2025 ABC DELHI 7000.00 SGTU 21144   617.8 G19W FM15441 09/06/2025 15/05/2025 Books